Datum a čas kvízu
25.5
Celkem bodů
Celkový počet nahraných bodů na tomto kvízu bez doplňovacích otázek.
6.
Pořadí na kvízu
Konečné umístění týmu na tomto kvízu.
Zaznamenané odpovědi
| # | Otázka | Odpověď | Body | Výsledky |
|---|---|---|---|---|
| 1. | Jedenáct klavírů a pian českéh... | Karel Komárek | 1 | |
| 2. | V britském městě Ipswich pojme... | Ivan Blatný | 0 | |
| 3. | Minulý týden jsme se dozvěděli... | Christopher Lambert | 1 | |
| 4. | Americký technologický gigant... | Intel | 0 | |
| 5. | Srbský tenista Novak Djoković... | Trefil mimo hru čárovou rozhodčí. | 1 | |
| 6. | Nobelova cena je od roku 1901... | ekonomie | 1 | |
| 7. | Pouze dvěma Čechům v historii... | Jaroslav Heyrovský, Jaroslav Seifert | 1 | |
| 8. | Dva laureáti Nobelovy ceny za... | Boris Pasternak, Jean-Paul Sartre | 0.5 | |
| 9. | Přiřaďte laureáty Nobelových c... | 1D 2A 3B 4C | 0 | |
| 10. | Vyberte nepravdivé tvrzení o p... | C | 0 |